Cálculo de circuitos magnéticos
Publicado:
Barcelona :
Escuela Elemental del Trabajo de la Diputación Provincial de Barcelona. Sección Ediciones ,
1946
Descripción Física:
56 p. : il. ; 21 cm
Otros Autores:
Escola Elemental del Treball (Barcelona)
Materias:
Circuits magnètics
MARC
| LEADER | 00000nam a2200000Ia 4500 | ||
|---|---|---|---|
| 001 | 8498 | ||
| 008 | 160829s1946 xx 000 0 cat d | ||
| 080 | |a C-1-439 | ||
| 245 | |a Cálculo de circuitos magnéticos | ||
| 260 | |a Barcelona : |b Escuela Elemental del Trabajo de la Diputación Provincial de Barcelona. Sección Ediciones, |c 1946 | ||
| 300 | |a 56 p. : |b il. ; |c 21 cm | ||
| 650 | |a Circuits magnètics |9 20006 | ||
| 700 | |a Escola Elemental del Treball (Barcelona) |9 55345 | ||
| 901 | |a Arxiu | ||
| 942 | |n 1 | ||
| 952 | |0 0 |1 0 |4 0 |6 C1439 |7 1 |9 47701 |a Arxiu |b Arxiu |d 2016-12-01 |l 0 |o C-1-439 |p 8498 |r 2016-12-01 00:00:00 |w 2016-12-01 |y ARXIU | ||
| 999 | |c 51500 |d 51500 | ||